000 00861nam a2200277 i 4500
001 000024595
003 DO-SdBNP
005 20240412074251.0
007 ta
008 110201s1985 dr a r 000 p spa d
040 _aDO-SdBNP
_bspa
_cBNPHU
_erda
041 _hspa
082 4 _aRD861.44
_bJ58o
_222
100 1 _aJesús, Dionisio de,
_d1959-
_925423
_eautor
245 1 0 _aOráculo del suicida :
_bpoemas /
_cDionisio de Jesús.
264 _aSanto Domingo :
_bBiblioteca Nacional,
_c1985.
300 _a58 páginas :
_bilustraciones ;
_c22 cm.
336 _2rdacontent
_atexto
_btxt
337 _2rdamedia
_asin mediación
_bn
338 _2rdacarrier
_avolumen
_bnc
590 _aInventariado, 2018/BT
650 0 _aPoesía dominicana
_966
650 0 _aLiteratura dominicana.
_967
910 _aValidado. Control de calidad. MMOLINA
942 _2ddc
_cLBS1
999 _c24088
_d24088